000 01406nam a2200361 a 4500
001 0000288
003 DO-SdBNP
005 20180312102300.0
007 0000288
008 091125s2008 dr a 000 0 spa d
020 _a9789945112702
040 _aBPMSU
_bspa
_cBPMSU
092 _a372.63
_bC199o 6to. 2008
100 1 _aCampusano, Martha
245 1 0 _aOrtografía 6 :
_b[educación básica] /
_cMartha Campusano ; dirección editorial Obdulia García de Escobar ; ilustración Ruddy Núñez.
260 _aSanto Domingo :
_bSantillana,
_c2008.
300 _a63 p. :
_bil. ;
_c28 cm.
490 1 _aCoral
505 0 _tUso de la tilde --
_tTilde en diptongos, triptongos e hiatos --
_tTilde dierético --
_tUso de la z --
_tUso de la c --
_tUso de la s --
_tHomófonos --
_tSignos de interrogación y exclamación --
_tUso de la ll - y --
_tHomófonos con y-ll; b-v --
650 _aORTOGRAFÍA
_xENSEÑANZA BÁSICA
650 _aORTOGRAFÍA
_xEDUCACIÓN PRIMARIA
650 _aEDUCACIÓN PRIMARIA
_zREPÚBLICA DOMINICANA
650 _aORTOGRAFÍA
_xLIBROS DE TEXTO
650 _aORTOGRAFÍA
_xESTUDIOS Y EJERCICIOS
650 _aORTOGRAFÍA
_xENSEÑANZA CORRECTIVA
700 1 _aGarcía Escobar, Obdulia de,
_eed.
700 1 _aNúñez, Ruddy
_eil.
830 0 _aCoral
910 _a00144
942 _2ddc
_cBK
945 _aRemanejado para la Bib. BNPHU, 2018/ YL
956 _aYLOCKWARD
_b10
999 _c9784
_d9784